|
|
|
|
| LEADER |
00000nam a2200000 a 4500 |
| 001 |
vtls011724752 |
| 003 |
SK-MaSNL |
| 005 |
20260301222610.0 |
| 008 |
240318s2014 bu 000 0 bul |
| 015 |
|
|
|a SNBZSA2018/03
|
| 020 |
|
|
|a 9786191525584
|q (brožované)
|
| 035 |
|
|
|a 64DF8A22-F9FC-4EF7-9A0E-3ADF0EC4790C
|
| 035 |
|
|
|a urn:nbn:sk:snk-am3ib01
|
| 035 |
|
|
|a urn:nbn:sk:snk-am00dj11
|
| 040 |
|
|
|a SNK
|b slo
|c SNK
|e AACR2
|
| 041 |
0 |
|
|a bul
|
| 043 |
|
|
|a ec-----
|
| 044 |
|
|
|a bu
|c BG
|
| 072 |
|
7 |
|a 32
|x Politika
|2 konspekt
|
| 080 |
|
|
|a 328.185
|2 2011
|
| 080 |
|
|
|a (4-191.2)
|2 2011
|
| 080 |
|
|
|a (048.8)
|2 2011
|
| 080 |
|
|
|a 32:343.542
|2 2011
|
| 080 |
|
|
|a 343.3/.7
|2 2011
|
| 100 |
1 |
|
|a Skarlatov, Nikolaj
|4 aut
|9 612441
|
| 245 |
1 |
0 |
|a Korupcijata văv Višegradskata četvorka
|c Nikolaj Skarlatov
|
| 260 |
|
|
|a [Sofija]
|b Iztok-Zapad
|c 2014
|
| 300 |
|
|
|a 337 s.
|c 22 cm
|
| 504 |
|
|
|a Bibliogr. odkazy
|
| 650 |
0 |
7 |
|a korupcia
|2 SNKPH
|9 1699
|
| 650 |
0 |
7 |
|a Corrupt practices
|2 SNKPHeng
|9 267777
|
| 650 |
0 |
7 |
|a politické aféry
|2 SNKPH
|9 4568
|
| 650 |
0 |
7 |
|a Political scandals
|2 SNKPHeng
|9 275913
|
| 650 |
0 |
7 |
|a trestné činy
|2 SNKPH
|9 2181
|
| 650 |
0 |
7 |
|a Crimes
|2 SNKPHeng
|9 306532
|
| 651 |
|
7 |
|a krajiny Vyšehradskej skupiny
|2 SNKPH
|9 159934
|
| 651 |
|
7 |
|a Visegrad Group countries
|2 SNKPHeng
|9 232723
|
| 655 |
|
7 |
|a monografie
|2 SNKPH
|9 70139
|
| 655 |
|
7 |
|a Monographs
|2 SNKPHeng
|9 120675
|
| 919 |
|
|
|a 978-619-152-558-4
|
| 958 |
|
|
|a ZS
|
| 958 |
|
|
|a NB
|
| 999 |
|
|
|c 940426
|d 942356
|
| 952 |
|
|
|a SNK
|b SNK
|y PREZ
|7 0
|p 17A1274608
|o snkSC 177193
|i snk2017/26628
|8 3
|g 53.71
|0 0
|1 0
|4 0
|d 2017-11-30
|f 1
|l 0
|r 2025-09-18 00:00:00
|w 2026-02-24
|